000 00299nam a2200121 i 4500
001 bg
245 0 _aLaboratorium z fizykochemii polimerów /
_cpod red. A. Błędzkiego.
260 _aSzczecin,
_c1981.
040 _cBPK
041 _apol
942 _cKS
008 s pl f |000 0 pol
999 _c20972
_d20972
856 _uhttp://koha.tu.koszalin.pl/cgi-bin/koha/opac-detail.pl?biblionumber=20972
_yKatalog online BPK